North African notebook /
محفوظ في:
المؤلف الرئيسي:
التنسيق: كتاب
اللغة: English
منشور في:
London :
Chapman & Hall,
1948.
الموضوعات:
الوسوم: إضافة وسم
لا توجد وسوم, كن أول من يضع وسما على هذه التسجيلة!
رقم الطلب: DT177 .M38 1948
| LEADER | 00777nam a22002417a 4500 | ||
|---|---|---|---|
| 003 | OSt | ||
| 005 | 20260420163211.0 | ||
| 008 | 260420t1948 enkabc 000 0 eng d | ||
| 010 | |a 49048740 | ||
| 040 | |c ARCE Library | ||
| 043 | |a ff----- |a e-sp--- | ||
| 050 | 1 | 4 | |a DT177 |b .M38 1948 |
| 100 | 1 | |a Maugham, Robin, |d 1916-1981. |e author |9 35594 | |
| 245 | 1 | 0 | |a North African notebook / |c Robin Maugham. |
| 264 | 1 | |a London : |b Chapman & Hall, |c 1948. | |
| 300 | |a 146 pages : |b illustrations, map (on lining papers), portraits ; |c 23 cm. | ||
| 650 | 0 | |a Colonies |z Africa. | |
| 651 | 0 | |a Africa, North |x Description and travel. | |
| 651 | 0 | |a Africa, North |x Politics and government. | |
| 651 | 0 | |a Africa, North |x Social conditions. | |
| 901 | |a reviewed | ||
| 942 | |c BK |2 lcc | ||
| 999 | |c 23109 |d 23109 | ||
